Smallest Countries (Redux) Quiz Stats

 Plays Quiz Updated Feb 13, 2019

Support Sporcle.
Go Orange.
Score 0/50 Timer 06:00
8 Plays Today
% Correct
???
35.4%
???
31.7%
???
31%
???
30.4%
???
30.2%
???
29.9%
???
29.6%
???
29.3%
???
29.3%
???
29.2%
???
28.4%
???
27.7%
???
27.7%
???
27.5%
???
27.3%
???
26.4%
???
25%
???
24.9%
???
24.9%
???
24.5%
???
24.3%
???
24.2%
???
23.3%
???
23.3%
???
23.1%
% Correct
???
22.9%
???
22.9%
???
22.7%
???
22.5%
???
21.5%
???
21.2%
???
21.2%
???
20.8%
???
20.3%
???
20.2%
???
19.8%
???
19.7%
???
19.2%
???
15.3%
???
15.1%
???
13.2%
???
12.3%
???
11.3%
???
11.3%
???
10.5%
???
9.6%
???
8.6%
???
7.9%
???
7.5%
???
3.6%

From the Vault

Profile: George W. Bush

by jackexpo

History 5m
Just get to it, no beating around the bush.
Remove Ads.
Support Sporcle.
Get the best of Sporcle when you Go Orange. This ad-free experience offers more features, more stats, and more fun while also helping to support Sporcle. Thank you for becoming a member.

Show Comments

Extras

Top Quizzes Today


Score Distribution

Your Account Isn't Verified!

In order to create a playlist on Sporcle, you need to verify the email address you used during registration. Go to your Sporcle Settings to finish the process.

Report this User

Report this user for behavior that violates our Community Guidelines.

Details: